[Event "Bastia CC Winter op 33th"]
[Site "Bastia"]
[Date "2009.01.04"]
[Round "?"]
[White "Guorgues, Xavier"]
[Black "Humeau, Cyril"]
[Result "1/2-1/2"]
[WhiteElo "2250"]
[BlackElo "2203"]
[PlyCount "199"]
[EventDate "2009.01.01"]
[EventType "swiss"]
[EventRounds "5"]
[EventCountry "FRA"]
[SourceTitle "CBM 128 Extra"]
[Source "ChessBase"]
[SourceDate "2009.03.05"]
[SourceVersion "2"]
[SourceVersionDate "2009.03.25"]
[SourceQuality "1"]

1. e4 c5 2. Nf3 Nc6 3. Nc3 Nf6 4. d4 cxd4 5. Nxd4 e5 6. Ndb5 d6 7. Bg5 a6 8. Na3 b5 9. Nd5 Be7 10. Bxf6 Bxf6 11. c3 0-0 12. Nc2 Bg5 13. Be2 Rb8 14. 0-0 a5 15. b4 Be6 16. a4 bxa4 17. Rxa4 axb4 18. Ncxb4 Nxb4 19. Rxb4 Rxb4 20. cxb4 f5 21. f3 Kh8 22. Bc4 Bxd5 23. Qxd5 Qb6+ 24. Kh1 Qxb4 25. exf5 Be3 26. Qe6 Bc5 27. f4 exf4 28. Rxf4 Qb1+ 29. Rf1 Qb7 30. Bd5 Qc8 31. Qxc8 Rxc8 32. g4 h6 33. Kg2 Re8 34. Rb1 Bd4 35. Be6 Be5 36. Rb7 Ra8 37. h4 Bf6 38. Rd7 Be5 39. g5 hxg5 40. hxg5 Bf4 41. g6 Bg5 42. Rxd6 Rd8 43. Ra6 Bf6 44. Ra3 Bg5 45. Rh3+ Bh6 46. f6 gxf6 47. Rxh6+ Kg7 48. Rh4 Kxg6 49. Rg4+ Kh6 50. Kf3 Rd1 51. Bf7 Ra1 52. Rg8 Kh7 53. Rg2 Kh6 54. Ke4 Ra7 55. Be6 Ra8 56. Kf5 Rf8 57. Rh2+ Kg7 58. Rg2+ Kh6 59. Rd2 Kg7 60. Rc2 Kh6 61. Rc7 Ra8 62. Kxf6 Rf8+ 63. Bf7 Rb8 64. Rc4 Rb6+ 65. Be6 Rb5 66. Rc2 Rg5 67. Rh2+ Rh5 68. Rg2 Ra5 69. Rg6+ Kh5 70. Rg8 Kh4 71. Rg4+ Kh5 72. Rg8 Kh4 73. Bf5 Ra6+ 74. Ke5 Ra5+ 75. Kf4 Ra4+ 76. Be4 Ra5 77. Rg4+ Kh5 78. Rg7 Kh4 79. Bf3 Ra4+ 80. Ke5 Ra5+ 81. Bd5 Ra1 82. Be6 Re1+ 83. Kf6 Rf1+ 84. Bf5 Rf2 85. Rg4+ Kh5 86. Rg3 Rh2 87. Rg8 Kh4 88. Rg4+ Kh5 89. Rf4 Rg2 90. Be6 Rh2 91. Bf7+ Kh6 92. Bd5 Rh5 93. Bf3 Rh3 94. Bg2 Rh5 95. Bf3 Rh3 96. Bc6 Rh5 97. Be8 Rh3 98. Bf7 Rh2 99. Bg6 Rf2 100. Rxf2 1/2-1/2